000 00538nam a2200193Ia 4500
005 20250508151737.0
008 008 250505s9999 xx 000 0 eng d
037 _aTextual
040 _aFEDL
_beng
_cFEDL
041 _aeng
_2eng
084 _a371.4, KRI
_qFEDL
100 _aKripalani J B
245 0 _aLatest fad
260 _aWardha, India
_bHindustani Talimi Sangh
_c1954
300 _a102p.
650 _aEducational - Guidance and Counciling
_9757691
942 _cTEXL
_h371.4, KRI
999 _c1331858
_d1331858